| 000 -LEADER |
| fixed length control field |
00897nam a2200253Ia 4500 |
| 001 - CONTROL NUMBER |
| control field |
1929 |
| 003 - CONTROL NUMBER IDENTIFIER |
| control field |
GE_BSU |
| 005 - DATE AND TIME OF LATEST TRANSACTION |
| control field |
20221011114739.0 |
| 008 - FIXED-LENGTH DATA ELEMENTS--GENERAL INFORMATION |
| fixed length control field |
181216s2006ru xx |||||||||||||| ||rus|| |
| 020 ## - INTERNATIONAL STANDARD BOOK NUMBER |
| International Standard Book Number |
5222087808 |
| 040 ## - CATALOGING SOURCE |
| Transcribing agency |
GE_BSU |
| 041 ## - LANGUAGE CODE |
| Language code of text/sound track or separate title |
rus |
| 080 ## - UNIVERSAL DECIMAL CLASSIFICATION NUMBER |
| Universal Decimal Classification number |
340(035) Г-90 |
| 100 ## - MAIN ENTRY--PERSONAL NAME |
| Personal name |
Грудцина, Л.Ю. |
| 9 (RLIN) |
15231 |
| 245 ## - TITLE STATEMENT |
| Title |
Большой юридический справочник для физических и юридических лиц. / |
| Statement of responsibility, etc. |
Л.Ю. Грудцина. |
| 245 ## - TITLE STATEMENT |
| Remainder of title |
Изд. 2-е |
| 264 ## - PRODUCTION, PUBLICATION, DISTRIBUTION, MANUFACTURE, AND COPYRIGHT NOTICE |
| Place of production, publication, distribution, manufacture |
Ростов-на Дону, |
| Name of producer, publisher, distributor, manufacturer |
Феникс, |
| Date of production, publication, distribution, manufacture, or copyright notice |
2006. |
| 300 ## - PHYSICAL DESCRIPTION |
| Extent |
635 с.: |
| 440 ## - SERIES STATEMENT/ADDED ENTRY--TITLE |
| Title |
Серия ,,Конссультирует юрист, |
| 9 (RLIN) |
15232 |
| 653 ## - INDEX TERM--UNCONTROLLED |
| keyword |
Большой юридический справочник |
| 653 ## - INDEX TERM--UNCONTROLLED |
| keyword |
იურიდიული ცნობარი |
| 653 ## - INDEX TERM--UNCONTROLLED |
| keyword |
სამართალი |
| 942 ## - ADDED ENTRY ELEMENTS (KOHA) |
| Koha item type |
წიგნი |
| Source of classification or shelving scheme |
|